| 000 | 004920000a22001690004500 | ||
|---|---|---|---|
| 003 | MACL | ||
| 005 | 20160112131044.0 | ||
| 008 | 160112b xxu||||| |||| 00| 0 eng d | ||
| 040 |
_aMACL _cMACL |
||
| 041 | _aEnglish | ||
| 082 | _a937/RHY | ||
| 100 |
_aSismondi, J C L De _931229 |
||
| 245 | _aA History of The Italian Republics Being A View of the Origin progress & Fall of Italian Freedom | ||
| 260 |
_bJ M Dent & Sons LTD _aLondon |
||
| 650 |
_aHistory _931230 |
||
| 942 |
_cBK _k937/RHY _2ddc |
||
| 999 |
_c36768 _d36768 |
||